000 00625 a2200169 4500
003 OSt
005 20240905152445.0
008 240129b |||||||| |||| 00| 0 eng d
040 _coclc
082 _a894.81
_bSVAI/M
100 _aVaidyar, Mahakavi Moyinkutty
_98253
245 _aMahakavi Moyinkutty Vaidyarude Sampoorna Krithikal /
_cMahakavi Moyinkutty Vaidyar, K.K. Muhammed Abdul Kareem and K. Aboobacker
250 _a2nd ed.
260 _aMalappuram:
_bMahakavi Moyinkutty Vaidyar Mappila Kala Academy,
_c2015.
300 _a3V, 2310p. ;
942 _2ddc
_cBK
_h894.81
_iSVAI/M
_k894.81
_mSVAI/M
999 _c43341
_d43341